000 01222cam a2200361 i 4500
999 _c118024
_d118024
001 19153756
003 BJBSDDR
005 20230411090856.0
008 160627s2016 nyua b 000 0 eng c
010 _a 2016029568
020 _a9781588395979 (Metropolitan Museum of Art)
040 _aNNFr/DLC
_beng
_cNNFr
_erda
_dDLC
042 _apcc
050 0 0 _aN 5970
_bS819h 2016
082 0 0 _a709.02/0747471
_223
100 1 _aStein, Wendy Alpern,
_eauthor.
_925958
245 1 0 _aHow to read Medieval art /
_cWendy A. Stein.
264 1 _aNew York :
_bMetropolitan Museum of Art,
_c[2016]
264 2 _aNew Haven :
_bYale Universtity Press
264 4 _c©2016
300 _a135 p. :
_bcolor ill. ;
_c27 cm
336 _atext
_2rdacontent
337 _aunmediated
_2rdamedia
338 _avolume
_2rdacarrier
490 1 _aHow to read series
504 _aIncludes bibliographical references.
650 0 _aArt, Medieval.
710 2 _aMetropolitan Museum of Art (New York, N.Y.),
_eissuing body.
830 0 _aHow to read (Metropolitan Museum of Art (New York, N.Y.))
906 _a7
_bcbc
_corignew
_d1
_eecip
_f20
_gy-gencatlg
942 _2lcc
_cBK